Australien und Länder Ozeaniens - alphabetisch - Statistiken

Allgemein
  • Dieses Quiz wurde 261 mal gespielt
  • Das Durchschnittsergebnis liegt bei 13 aus 14
Antwortstatistiken
Länder % Korrekt
A Australien
100%
F Fidschi
99%
K Kiribati
95%
M Mikronesien
95%
P Palau
94%
T Tonga
94%
M Marshallinseln
93%
T Tuvalu
93%
N Nauru
92%
N Neuseeland
92%
S Samoa
92%
S Salomonen
90%
P Papua-Neuguinea
89%
V Vanuatu
89%
Keine übereinstimmenden Quizze gefunden
Verteilung der Resultate
Anzahl Personen mit jedem Resultat
Perzentil nach korrekt beantworteten Fragen
Ihre Resultats-Entwicklung
Sie haben dieses Quiz noch nicht gespielt